Normal view
MARC view
Entry Topical Term
001 - CONTROL NUMBER
- control field: 36075
003 - CONTROL NUMBER IDENTIFIER
- control field: ARRUPE
005 - DATE AND TIME OF LATEST TRANSACTION
- control field: 20170921122109.0
008 - FIXED-LENGTH DATA ELEMENTS
- fixed length control field: 170921|| aca||aabn | a|a d
040 ## - CATALOGING SOURCE
- Original cataloging agency: ARRUPE
- Transcribing agency: ARRUPE
150 ## - HEADING--TOPICAL TERM
- Topical term or geographic name as entry element: Postmodernism.
670 ## - SOURCE DATA FOUND
- Source citation: Work cat.: (ARRUPE)13600: Gare, Arran, 1948- 36074, Postmodernism and the environmental crisis /, 1995.